LEADER 00957cam0-22003251i-450- 001 990004536280403321 005 20150324112609.0 035 $a000453628 035 $aFED01000453628 035 $a(Aleph)000453628FED01 035 $a000453628 100 $a19990604d19529999km-y0itay50------ba 101 0 $ager 102 $aCH 105 $ay-------001yy 200 1 $aQuellen zur Geschichte der Täufer in der Schweiz$fherausgegeben von Leonhard von Muralt und Walter Schmid 210 $aZurich$cS. Hirzel$d1952 215 $a429 p.$d23 cm 327 0 $a1.: Zürich 610 0 $aAnabattisti - Svizzera - Storia 676 $a284.3 702 1$aMuralt,$bLeonhard : von 702 1$aSchmid,$bWalter 801 0$aIT$bUNINA$gRICA$2UNIMARC 901 $aBK 912 $a990004536280403321 952 $a284.3 MUR 1 (1)$bBibl. 30608$fFLFBC 959 $aFLFBC 996 $aQuellen zur Geschichte der Täufer in der Schweiz$9548495 997 $aUNINA LEADER 01300nam--2200421---450- 001 990000555000203316 035 $a0055500 035 $aUSA010055500 035 $a(ALEPH)000055500USA01 035 $a0055500 100 $a20010710d1982----km-y0itay0103----ba 101 $aita 102 $aIT 105 $a||||||||001yy 200 1 $aDisegnare con la parte destra del cervallo$eguida allo sviluppo della creatività e delle doti artistiche$fdi Betty Edwards 210 $aMilano$cLonganesi$d1982 215 $a216 p.$cill.$d23 cm 225 2 $aLa vostra via 312 $aDrawing on the right side of the brain 410 $12001$aLa vostra via 454 $12001$aDrawing on the right side of the brain$929259 606 0 $aDisegno 606 0 $aPercezione visiva 676 $a741 676 $a741 700 1$aEDWARDS,$bBetty$024597 801 0$aIT$bsalbc$gISBD 912 $a990000555000203316 951 $a741 EDW$b12723 ING$c741 959 $aBK 969 $aTEC 979 $aPATTY$b90$c20010710$lUSA01$h1212 979 $aPATTY$b90$c20010710$lUSA01$h1218 979 $aPATTY$b90$c20010710$lUSA01$h1220 979 $c20020403$lUSA01$h1704 979 $aPATRY$b90$c20040406$lUSA01$h1639 996 $aDrawing on the right side of the brain$929259 997 $aUNISA